| 000 | 00349nam a22001337a 4500 | ||
|---|---|---|---|
| 020 | _a9788187570837 | ||
| 040 | _cNUST | ||
| 082 | _a616.079 YAH | ||
| 100 |
_aYahya, Harun _984221 |
||
| 245 | _aThe Miracle of the Immune System | ||
| 260 |
_aINDIA: _bGood Word, _c2008. |
||
| 650 |
_aImmune system. Immunity. Immune System _988880 |
||
| 942 |
_2ddc _cBK |
||
| 999 |
_c586776 _d586776 |
||